[Event "Police Gniota Memorial 34th"]
[Site "Police"]
[Date "2019.07.14"]
[Round "5"]
[White "Olenderek, Tomasz"]
[Black "Wikar, Martyna"]
[Result "1/2-1/2"]
[WhiteElo "2076"]
[BlackElo "2020"]
[PlyCount "25"]
[EventDate "2019.07.10"]
[EventType "swiss"]
[EventRounds "9"]
[EventCountry "POL"]
[SourceTitle "EXT 2020"]
[Source "ChessBase"]
[SourceDate "2019.10.17"]
[SourceVersion "1"]
[SourceVersionDate "2019.10.17"]
[SourceQuality "1"]

1. d4 c5 2. e3 cxd4 3. exd4 d5 4. c4 dxc4 5. Bxc4 Nf6 6. Nc3 e6 7. Nf3 Be7 8. 0-0 0-0 9. d5 Qc7 10. Qe2 exd5 11. Nxd5 Nxd5 12. Bxd5 Nc6 13. Be3 1/2-1/2

[Event "POL-chT U26 rapid"]
[Site "Hucisko"]
[Date "2016.01.17"]
[Round "9.15"]
[White "Cukrowski, Filip"]
[Black "Olenderek, Tomasz"]
[Result "1-0"]
[WhiteElo "2320"]
[BlackElo "2072"]
[PlyCount "71"]
[EventDate "2016.01.16"]
[EventType "team-swiss (rapid)"]
[EventRounds "9"]
[EventCountry "POL"]
[SourceTitle "CBM 170 Extra"]
[Source "ChessBase"]
[SourceDate "2016.02.25"]
[SourceVersion "1"]
[SourceVersionDate "2016.02.25"]
[SourceQuality "1"]
[WhiteTeam "Wroclaw PWr"]
[BlackTeam "Warsaw SGGW"]
[WhiteTeamCountry "POL"]
[BlackTeamCountry "POL"]

1. e4 d5 2. exd5 Nf6 3. d4 Nxd5 4. Nf3 g6 5. Be2 Bg7 6. 0-0 0-0 7. c4 Nb6 8. Nc3 Nc6 9. d5 Ne5 10. Nxe5 Bxe5 11. Be3 c6 12. dxc6 bxc6 13. Qc1 Qc7 14. f4 Bg7 15. Rd1 e5 16. Bc5 Rd8 17. Rxd8+ Qxd8 18. fxe5 Bxe5 19. Qe3 Qc7 20. g3 Be6 21. b3 Rd8 22. Rd1 Rxd1+ 23. Bxd1 Qb8 24. Bd4 Nd7 25. Bf3 c5 26. Bxe5 Nxe5 27. Bd5 Ng4 28. Qe2 Bf5 29. Qe7 Nh6 30. Nb5 a6 31. Nd6 Qf8 32. Qxf8+ Kxf8 33. Nb7 Bb1 34. a3 Nf5 35. Nxc5 Bc2 36. b4 1-0

[Event "Police Gniota Memorial 30th"]
[Site "Police"]
[Date "2015.07.09"]
[Round "2"]
[White "Antolak, Julia"]
[Black "Olenderek, Tomasz"]
[Result "1/2-1/2"]
[WhiteElo "1974"]
[BlackElo "2088"]
[PlyCount "47"]
[EventDate "2015.07.08"]
[EventType "swiss"]
[EventRounds "9"]
[EventCountry "POL"]
[SourceTitle "CBM 167 Extra"]
[Source "ChessBase"]
[SourceDate "2015.09.14"]
[SourceVersion "1"]
[SourceVersionDate "2015.09.14"]
[SourceQuality "1"]

1. e4 e5 2. Nf3 d6 3. d4 Nf6 4. Nc3 Nbd7 5. Bc4 Be7 6. 0-0 0-0 7. a4 c6 8. Ba2 Qc7 9. Qe2 a5 10. Rd1 Nb6 11. h3 Bd7 12. Be3 exd4 13. Bxd4 c5 14. e5 cxd4 15. exf6 Bxf6 16. Nxd4 Bxa4 17. Ndb5 Bxb5 18. Nxb5 Qc5 19. Nxd6 Bxb2 20. Rab1 Na4 21. Ne4 Qe5 22. Qf3 Nc3 23. Nxc3 Qxc3 24. Qxc3 1/2-1/2

[Event "Police Gniota Memorial 29th"]
[Site "Police"]
[Date "2014.07.12"]
[Round "4"]
[White "Czuchnicki, Adam"]
[Black "Olenderek, Tomasz"]
[Result "1-0"]
[WhiteElo "2086"]
[BlackElo "2137"]
[PlyCount "143"]
[EventDate "2014.07.09"]
[EventType "swiss"]
[EventRounds "9"]
[EventCountry "POL"]
[SourceTitle "CBM 161 Extra"]
[Source "ChessBase"]
[SourceDate "2014.08.29"]
[SourceVersion "1"]
[SourceVersionDate "2014.08.29"]
[SourceQuality "1"]

1. d4 d5 2. Nf3 c5 3. c4 e6 4. cxd5 exd5 5. g3 Nc6 6. Nc3 Nf6 7. Bg2 Be7 8. 0-0 0-0 9. dxc5 Bxc5 10. Na4 Be7 11. Be3 Ne4 12. Nd4 Nxd4 13. Bxd4 Be6 14. Nc3 Nxc3 15. bxc3 Qa5 16. Qb3 Rab8 17. a4 Rfc8 18. Qb5 Qxb5 19. axb5 Bc5 20. e3 f6 21. Rfb1 Bb6 22. Rb2 Rc4 23. Bf3 Kf7 24. Kf1 Rbc8 25. Raa2 Rd8 26. Ke2 Rd7 27. Kd2 Ke7 28. Be2 Rc8 29. Bd3 Kf7 30. Ra1 Rcd8 31. Rbb1 Rc8 32. Rg1 h5 33. f3 Rd6 34. h4 f5 35. Be2 Rd7 36. Ra3 g6 37. Be5 Bc5 38. Ra4 Bb6 39. g4 hxg4 40. fxg4 fxg4 41. Bxg4 Rc4 42. Bxe6+ Kxe6 43. Rxc4 dxc4+ 44. Bd4 Bxd4 45. cxd4 Kf6 46. Kc3 Re7 47. Rf1+ Kg7 48. Rf3 Re4 49. Rh3 a6 50. Kxc4 axb5+ 51. Kxb5 Kf6 52. Kc4 Ke6 53. Kd3 Kd5 54. Rg3 Rxh4 55. Rxg6 Rh3 56. Rb6 Rg3 57. Rxb7 Rg4 58. Rb5+ Kc6 59. Re5 Kd6 60. e4 Rg1 61. Ke2 Rg3 62. Rf5 Ra3 63. Rf3 Ra4 64. Ke3 Ke6 65. d5+ Ke5 66. Rf5+ Kd6 67. Rf6+ Ke7 68. Rb6 Ra1 69. Kd4 Rh1 70. Rb7+ Kd8 71. e5 Rd1+ 72. Kc5 1-0

[Event "Police Gniota Memorial 28th"]
[Site "Police"]
[Date "2013.07.18"]
[Round "9"]
[White "Snihur, Piotr"]
[Black "Olenderek, Tomasz"]
[Result "1/2-1/2"]
[WhiteElo "2157"]
[BlackElo "2132"]
[PlyCount "61"]
[EventDate "2013.07.10"]
[EventType "swiss"]
[EventRounds "9"]
[EventCountry "POL"]
[SourceTitle "CBM 155 Extra"]
[Source "ChessBase"]
[SourceDate "2013.08.26"]
[SourceVersion "1"]
[SourceVersionDate "2013.08.26"]
[SourceQuality "1"]

1. e4 d5 2. exd5 Nf6 3. Bb5+ Bd7 4. Bc4 Bg4 5. f3 Bf5 6. g4 Bc8 7. Nc3 c6 8. d4 Nxd5 9. Nge2 g6 10. Nxd5 cxd5 11. Bb3 h5 12. gxh5 Rxh5 13. Bf4 Nc6 14. Qd2 Bh3 15. Rg1 e6 16. 0-0-0 Bd6 17. Qe3 Qd7 18. Rg5 0-0-0 19. Rxh5 gxh5 20. Rg1 Bf5 21. c3 Ne7 22. h4 Ng6 23. Bg5 Re8 24. Nf4 Nxf4 25. Bxf4 Bg6 26. Bxd6 Qxd6 27. Qe5 Qd8 28. Qg5 Qd6 29. Qe5 Qd8 30. Qf4 Rg8 31. Bc2 1/2-1/2

[Event "POL-chT 1st League"]
[Site "Ustron"]
[Date "2009.09.17"]
[Round "6"]
[White "Dobrowolski, Piotr"]
[Black "Olenderek, Tomasz"]
[Result "1-0"]
[WhiteElo "2389"]
[BlackElo "2157"]
[PlyCount "91"]
[EventDate "2009.09.12"]
[EventType "team-swiss"]
[EventRounds "9"]
[EventCountry "POL"]
[SourceTitle "CBM 132 Extra"]
[Source "ChessBase"]
[SourceDate "2009.11.03"]
[SourceVersion "1"]
[SourceVersionDate "2009.11.03"]
[SourceQuality "1"]
[WhiteTeam "Wroclaw AZS WSB"]
[BlackTeam "Warszawa YMCA"]
[WhiteTeamCountry "POL"]
[BlackTeamCountry "POL"]

1. d4 Nf6 2. c4 e5 3. dxe5 Ne4 4. Nd2 Nc5 5. Ngf3 Nc6 6. g3 d6 7. exd6 Qxd6 8. Bg2 Bg4 9. 0-0 0-0-0 10. Qc2 Qf6 11. Nb3 Nb4 12. Qc3 Na4 13. Qxf6 gxf6 14. Bd2 Nxb2 15. Bc3 Nxc4 16. Bxf6 Bd6 17. Rac1 b5 18. Bxh8 Rxh8 19. Nfd4 a6 20. a3 Nxa3 21. Ra1 Nac2 22. Nxc2 Nxc2 23. Rxa6 Kd7 24. Bc6+ Ke7 25. Bxb5 Rb8 26. Bc4 Rb4 27. Bd3 Bxe2 28. Bxe2 Rxb3 29. Bd1 Rb2 30. Bxc2 Rxc2 31. Re1+ Kf6 32. Kg2 Kg7 33. Kf3 Rc3+ 34. Re3 Rc2 35. Re2 Rc4 36. Raa2 Kg6 37. Rac2 Ra4 38. Re4 Ra3+ 39. Kg2 Rb3 40. Rcc4 h6 41. Re3 Rb5 42. Rg4+ Kh7 43. Re8 f5 44. Rh4 Rb2 45. Re6 Bc5 46. Rf4 1-0

[Event "Warsaw-ch opA 62nd"]
[Site "Warsaw"]
[Date "2009.09.03"]
[Round "4"]
[White "Matuszewski, Michal"]
[Black "Olenderek, Tomasz"]
[Result "1-0"]
[WhiteElo "2301"]
[BlackElo "2160"]
[PlyCount "59"]
[EventDate "2009.08.31"]
[EventType "swiss"]
[EventRounds "9"]
[EventCountry "POL"]
[SourceTitle "CBM 132 Extra"]
[Source "ChessBase"]
[SourceDate "2009.11.03"]
[SourceVersion "1"]
[SourceVersionDate "2009.11.03"]
[SourceQuality "1"]

1. d4 d5 2. c4 e6 3. Nf3 c5 4. e3 Nc6 5. Nc3 Nf6 6. cxd5 exd5 7. Be2 Bd6 8. dxc5 Bxc5 9. 0-0 0-0 10. b3 Be6 11. Bb2 Qe7 12. a3 Rfd8 13. Nb5 Rac8 14. Qd3 Ne4 15. b4 Bb6 16. Rfd1 a5 17. bxa5 Nxa5 18. Bd4 Nc5 19. Bxc5 Rxc5 20. Nbd4 Rdc8 21. Nxe6 fxe6 22. Rab1 Bd8 23. Nd4 Rc3 24. Qd2 R8c5 25. Bg4 e5 26. Ne6 Rc2 27. Qe1 R5c4 28. Rxd5 Rxg4 29. Rxd8+ Kf7 30. Qd1 1-0

[Event "Warsaw-ch opA 62nd"]
[Site "Warsaw"]
[Date "2009.09.03"]
[Round "3"]
[White "Olenderek, Tomasz"]
[Black "Zurkowski, Andrzej"]
[Result "1-0"]
[WhiteElo "2160"]
[BlackElo "2150"]
[PlyCount "79"]
[EventDate "2009.08.31"]
[EventType "swiss"]
[EventRounds "9"]
[EventCountry "POL"]
[SourceTitle "CBM 132 Extra"]
[Source "ChessBase"]
[SourceDate "2009.11.03"]
[SourceVersion "1"]
[SourceVersionDate "2009.11.03"]
[SourceQuality "1"]

1. d4 d6 2. e4 Nf6 3. Nd2 Nbd7 4. Ngf3 c6 5. c3 e5 6. Bd3 Be7 7. 0-0 0-0 8. Re1 Re8 9. Nf1 exd4 10. cxd4 Nf8 11. h3 Ng6 12. Ng3 Be6 13. Ng5 Nd7 14. Nxe6 fxe6 15. Qb3 Bf6 16. Be3 Qc7 17. Rac1 Kh8 18. Bb1 Ndf8 19. Nh5 Qf7 20. f4 Bd8 21. Rf1 Bb6 22. f5 Ne7 23. g4 Ng8 24. Rf3 d5 25. e5 exf5 26. Rxf5 Qc7 27. Rcf1 Ne6 28. Nxg7 Nxd4 29. Nxe8 Rxe8 30. Qd3 Nxf5 31. Rxf5 Bxe3+ 32. Qxe3 Qb6 33. Qxb6 axb6 34. Rf7 Re7 35. e6 c5 36. a4 c4 37. Kf2 d4 38. Bf5 c3 39. bxc3 dxc3 40. Ke2 1-0

[Event "Police Gniota Memorial 24th"]
[Site "Police"]
[Date "2009.07.16"]
[Round "9"]
[White "Olenderek, Tomasz"]
[Black "Shilov, Sergej"]
[Result "1/2-1/2"]
[WhiteElo "2160"]
[BlackElo "2211"]
[PlyCount "92"]
[EventDate "2009.07.08"]
[EventType "swiss"]
[EventRounds "9"]
[EventCountry "POL"]
[SourceTitle "CBM 131 Extra"]
[Source "ChessBase"]
[SourceDate "2009.09.03"]
[SourceVersion "2"]
[SourceVersionDate "2009.09.16"]
[SourceQuality "1"]

1. d4 d6 2. Nf3 Bg4 3. Nbd2 Nf6 4. e4 e6 5. c3 Be7 6. Be2 0-0 7. 0-0 Nbd7 8. Re1 c5 9. Qc2 cxd4 10. Nxd4 Qb6 11. Bxg4 Nxg4 12. N2f3 Rac8 13. Qb3 Nge5 14. Nxe5 dxe5 15. Qxb6 Nxb6 16. Nf3 f6 17. Be3 Nc4 18. Bxa7 Nxb2 19. Rab1 Ba3 20. Re2 Rfd8 21. Bb6 Rd1+ 22. Rxd1 Nxd1 23. Ba5 Rc6 24. Rd2 Nxc3 25. Rd8+ Kf7 26. Rd7+ Kg6 27. Rxb7 Nxe4 28. Be1 Rc2 29. Rd7 Bc5 30. Nd2 Rc1 31. Kf1 Nxf2 32. Nb3 Rc2 33. Nxc5 Ng4 34. Nxe6 Ne3+ 35. Kg1 Rxg2+ 36. Kh1 Rxa2 37. Rxg7+ Kf5 38. Rg3 Re2 39. Ng7+ Ke4 40. Ba5 f5 41. Rg1 Ra2 42. Bb6 Ng4 43. Re1+ Kf3 44. Nxf5 Rxh2+ 45. Kg1 Rg2+ 46. Kh1 Rh2+ 1/2-1/2

[Event "Police Gniota Memorial 24th"]
[Site "Police"]
[Date "2009.07.13"]
[Round "6"]
[White "Zschaebitz, Klaus"]
[Black "Olenderek, Tomasz"]
[Result "0-1"]
[WhiteElo "2100"]
[BlackElo "2160"]
[PlyCount "76"]
[EventDate "2009.07.08"]
[EventType "swiss"]
[EventRounds "9"]
[EventCountry "POL"]
[SourceTitle "CBM 131 Extra"]
[Source "ChessBase"]
[SourceDate "2009.09.03"]
[SourceVersion "2"]
[SourceVersionDate "2009.09.16"]
[SourceQuality "1"]

1. d4 d5 2. Bf4 c5 3. e3 Nc6 4. c3 g6 5. Nf3 Bg7 6. dxc5 e5 7. Bg5 Nge7 8. Bxe7 Nxe7 9. e4 0-0 10. exd5 e4 11. Nd4 Qxd5 12. Nb3 Qxd1+ 13. Kxd1 Rd8+ 14. N1d2 a5 15. a4 Be6 16. Ke1 Nd5 17. Ra3 Nf4 18. Nc1 Rd7 19. Nxe4 Re8 20. Nd6 Bg4+ 21. Kd2 Re5 22. Bb5 Rd8 23. Kc2 Nxg2 24. Nd3 Re2+ 25. Kb1 Bf3 26. Rg1 Bf8 27. Nxb7 Bxb7 28. Nc1 Be4+ 29. Ka1 Re1 30. Rxe1 Nxe1 31. b4 Rd1 32. Kb2 axb4 33. cxb4 Bg7+ 34. Rc3 Bxc3+ 35. Kxc3 Rxc1+ 36. Kd4 f5 37. Bc4+ Kf8 38. b5 Nf3+ 0-1

[Event "Police Gniota Memorial 24th"]
[Site "Police"]
[Date "2009.07.09"]
[Round "2"]
[White "Jacek, Krystian"]
[Black "Olenderek, Tomasz"]
[Result "1-0"]
[WhiteElo "2034"]
[BlackElo "2160"]
[PlyCount "61"]
[EventDate "2009.07.08"]
[EventType "swiss"]
[EventRounds "9"]
[EventCountry "POL"]
[SourceTitle "CBM 131 Extra"]
[Source "ChessBase"]
[SourceDate "2009.09.03"]
[SourceVersion "2"]
[SourceVersionDate "2009.09.16"]
[SourceQuality "1"]

1. e4 e5 2. Nf3 d6 3. d4 Nf6 4. Nc3 Nbd7 5. Bc4 Be7 6. 0-0 0-0 7. Re1 c6 8. a4 Qc7 9. b3 h6 10. Bb2 Re8 11. a5 Nf8 12. d5 Bg4 13. h3 Bh5 14. Qd3 N6h7 15. Bc1 Qc8 16. b4 Rd8 17. a6 c5 18. axb7 Qxb7 19. bxc5 dxc5 20. Nxe5 Bf6 21. Bf4 Ne6 22. Bh2 Nd4 23. Nb5 Be2 24. Rxe2 Nxe2+ 25. Qxe2 a6 26. Na3 Qb2 27. Ra2 Qc1+ 28. Qf1 Qd2 29. c3 Qxc3 30. Nc6 Re8 31. Nb1 1-0

[Event "POL-chT 2nd League"]
[Site "Ustron"]
[Date "2008.09.12"]
[Round "7.21"]
[White "Sliwerski, Radoslaw"]
[Black "Olenderek, Tomasz"]
[Result "1-0"]
[WhiteElo "2165"]
[BlackElo "2156"]
[PlyCount "51"]
[EventDate "2008.09.06"]
[EventType "team-swiss"]
[EventRounds "9"]
[EventCountry "POL"]
[SourceTitle "EXT 2015"]
[Source "ChessBase"]
[SourceDate "2014.11.20"]
[SourceVersion "1"]
[SourceVersionDate "2014.11.20"]
[SourceQuality "1"]
[WhiteTeam "Miedzyborow Wrzos"]
[BlackTeam "Warszawa YMCA"]
[WhiteTeamCountry "POL"]
[BlackTeamCountry "POL"]

1. d4 d5 2. c4 c6 3. Nf3 Nf6 4. Nc3 Qb6 5. Qc2 Bg4 6. c5 Qc7 7. Ne5 Nbd7 8. h3 Bh5 9. Bf4 Nxe5 10. Bxe5 Qc8 11. e3 Nd7 12. Bh2 e5 13. f4 f6 14. fxe5 fxe5 15. Qf5 Bg6 16. Qe6+ Be7 17. Bxe5 Bf7 18. Qf5 Bg6 19. Qe6 Bf7 20. Qf5 Bg6 21. Qf4 Rf8 22. Qh2 Nxe5 23. Qxe5 Bf5 24. Qh2 Qe6 25. Qg1 Bh4+ 26. g3 1-0

[Event "Police Gniota Memorial 23rd"]
[Site "Police"]
[Date "2008.07.12"]
[Round "5"]
[White "Maniocha, Andrzej"]
[Black "Olenderek, Tomasz"]
[Result "0-1"]
[WhiteElo "2286"]
[BlackElo "2156"]
[PlyCount "94"]
[EventDate "2008.07.09"]
[EventType "swiss"]
[EventRounds "9"]
[EventCountry "POL"]
[SourceTitle "CBM 125 Extra"]
[Source "ChessBase"]
[SourceDate "2008.09.01"]
[SourceVersion "1"]
[SourceVersionDate "2008.09.01"]
[SourceQuality "1"]

1. Nf3 d5 2. b3 Nf6 3. Bb2 e6 4. e3 Bd6 5. c4 0-0 6. Nc3 c6 7. Qc2 Nbd7 8. d4 Qe7 9. Be2 dxc4 10. bxc4 e5 11. 0-0 e4 12. Nd2 Re8 13. Rfe1 Nf8 14. a4 Ng6 15. a5 Bg4 16. Ndxe4 Nxe4 17. Bxg4 Qh4 18. h3 Ng5 19. f4 h5 20. Bd7 Nxf4 21. Bxe8 Nf3+ 22. Kf1 Rxe8 23. Re2 Nh2+ 24. Kg1 Nxh3+ 25. gxh3 Nf3+ 26. Kf1 Qxh3+ 27. Rg2 Rxe3 28. Ne2 Nh2+ 29. Kg1 Ng4 30. Nc3 Rg3 31. Rxg3 Bxg3 32. Nd1 Bf2+ 33. Qxf2 Nxf2 34. Nxf2 Qg3+ 35. Kf1 Qb3 36. Nd1 h4 37. Ke1 Qg3+ 38. Ke2 g5 39. Nf2 g4 40. d5 Qf3+ 41. Ke1 g3 42. Nh3 g2 43. a6 Qxh3 44. Kd2 Qh2 45. Kd3 g1Q 46. axb7 Qgg3+ 47. Ke4 Qf4+ 0-1

[Event "Warsaw YMCA Spring 48th"]
[Site "Warsaw"]
[Date "2008.06.13"]
[Round "11"]
[White "Olenderek, Tomasz"]
[Black "Olejarczyk, Bogdan"]
[Result "1/2-1/2"]
[WhiteElo "2156"]
[BlackElo "2184"]
[PlyCount "72"]
[EventDate "2008.04.02"]
[EventType "tourn"]
[EventRounds "13"]
[EventCountry "POL"]
[SourceTitle "EXT 2019"]
[Source "ChessBase"]
[SourceDate "2018.10.10"]
[SourceVersion "1"]
[SourceVersionDate "2018.10.10"]
[SourceQuality "1"]

1. Nf3 d5 2. d4 Nf6 3. e3 Bf5 4. Bd3 e6 5. Bxf5 exf5 6. Qd3 Qc8 7. b3 c6 8. c4 Na6 9. 0-0 Be7 10. Nc3 0-0 11. Bb2 Re8 12. Rac1 Qe6 13. cxd5 Nxd5 14. Nxd5 Qxd5 15. a3 Bf6 16. Qc4 Rad8 17. Bc3 Qd6 18. a4 Rd7 19. b4 Nc7 20. Qc5 Nd5 21. Qxd6 Rxd6 22. Bd2 a6 23. b5 axb5 24. axb5 Ra8 25. bxc6 Rxc6 26. Rxc6 bxc6 27. Rc1 Ra6 28. Kf1 Kf8 29. Ke2 Ke7 30. Ne1 Kd6 31. Rc2 h5 32. f3 Nc7 33. Bb4+ Kd7 34. Nd3 Ne6 35. Nc5+ Nxc5 36. Bxc5 Be7 1/2-1/2